Migración y ambiente en la sección costarricense de la Cuenca del Río San Juan /
Guardado en:
| 企業作者: | |
|---|---|
| 格式: | Texto |
| 出版: |
Lara Segura y Asociado San José, C.R.:
|
| 標簽: |
添加標簽
沒有標簽, 成為第一個標記此記錄!
|
MARC
| LEADER | 00000 a a2200000 04500 | ||
|---|---|---|---|
| 001 | 46425 | ||
| 003 | |||
| 040 | |||
| 090 | |a 07.01.01 S192t | ||
| 110 | |a Universidad de Costa Rica |b Unidad de Investigación de Fronteras Centroamericana | ||
| 245 | |a Migración y ambiente en la sección costarricense de la Cuenca del Río San Juan / |c Unidad de Investigación de Fronteras Centroamericana de la Universidad de Costa Rica | ||
| 260 | |b Lara Segura y Asociado |b San José, C.R.: | ||
| 773 | |g páginas 33-61 | ||
| 999 | |c 37932 |d 37932 | ||
